|
|
|
|
| LEADER |
00000nab a2200000 ar4500 |
| 001 |
vtls008936892 |
| 003 |
SK-MaSNL |
| 005 |
20260303071228.0 |
| 008 |
070118c1997 xo |r|||||||||000 b|slo |
| 015 |
|
|
|a SNBRA2007/01
|2 snkbucl
|
| 038 |
|
|
|a SNKBUCL
|
| 040 |
|
|
|a SNKBUCL
|b slo
|c SNKBUCL
|e AACR2
|
| 041 |
0 |
|
|a slo
|
| 044 |
|
|
|a xo
|c SK
|
| 080 |
|
|
|a 78.071.2:792.54
|2 2001
|
| 080 |
|
|
|a 792.54
|2 2001
|
| 080 |
|
|
|a 82:929:821.162.4
|2 2001
|
| 080 |
|
|
|a 929 Hoza, Štefan
|2 2001
|
| 100 |
1 |
|
|a Kret, Anton,
|d 1930-2019
|4 aut
|9 102081
|
| 245 |
1 |
0 |
|a Štefan Hoza - prvý, "viacdomý" a ... zabúdaný
|b (k nedožitej deväťdesiatke: narodil sa 20. októbra 1906 v Smižanoch)
|c Anton Kret
|
| 300 |
|
|
|b Fotogr.
|
| 600 |
1 |
7 |
|a Hoza, Štefan,
|d 1906-1982
|2 snkbucl
|9 109682
|
| 773 |
0 |
|
|t Štefan Hoza
|d Bratislava : Tália-press, 1997
|g S. 75-78
|z 8085455447
|
| 852 |
|
|
|a SNK
|b KIS3GCP
|
| 958 |
|
|
|a BX
|
| 999 |
|
|
|c 1758921
|d 1760851
|